[Event "Copper State Int B"]
[Site "Mesa USA"]
[Date "2010.06.06"]
[Round "4"]
[White "Kekelidze,M"]
[Black "Troff,Kayden"]
[Result "1-0"]
[WhiteElo "2436"]
[BlackElo "2201"]
[EventDate "2010.06.04"]

1. c4 Nf6 2. Nc3 g6 3. e4 d6 4. d4 Bg7 5. Nf3 O-O 6. Be2 Nc6 7. d5 Ne5 8.
Nxe5 dxe5 9. O-O e6 10. Be3 b6 11. Rc1 exd5 12. cxd5 Bb7 13. Qb3 Ne8 14.
Bb5 Nd6 15. Bc6 Rb8 16. Bxb7 Rxb7 17. Qa4 f5 18. f3 Qe7 19. Nb5 f4 20. Bd2
g5 21. Bb4 g4 22. Qa6 gxf3 23. Rxf3 Rf6 24. Qxb7 Bf8 25. Bxd6 Rxd6 26. Nxd6
Qxd6 27. Qxc7 Qf6 28. Rh3 h6 29. Qc8 Kh8 30. Rc6 Qg5 31. Qxf8+ 1-0

[Event "Copper State Int B"]
[Site "Mesa USA"]
[Date "2010.06.06"]
[Round "4"]
[White "Kiewra,K"]
[Black "Jayakumar,A"]
[Result "1-0"]
[WhiteElo "2311"]
[BlackElo "2169"]
[EventDate "2010.06.04"]

1. e4 c5 2. Nc3 Nc6 3. Bb5 Nd4 4. Bc4 e6 5. Nf3 a6 6. a4 Qc7 7. d3 Nf6 8.
Nxd4 cxd4 9. Ne2 Bc5 10. O-O O-O 11. Bg5 Ng4 12. Ng3 Ne5 13. Bb3 Ng6 14.
Qh5 e5 15. Nf5 Re8 16. Bxf7+ Kxf7 17. Qxh7 1-0

[Event "Copper State Int B"]
[Site "Mesa USA"]
[Date "2010.06.06"]
[Round "4"]
[White "Marmont,Benjamin"]
[Black "Atoufi,P"]
[Result "1-0"]
[WhiteElo "2116"]
[BlackElo "2309"]
[EventDate "2010.06.04"]

1. e4 e5 2. Nf3 Nc6 3. Bb5 a6 4. Ba4 Nf6 5. O-O Be7 6. Re1 b5 7. Bb3 d6 8.
c3 O-O 9. h3 Nd7 10. d4 Bf6 11. a4 Na5 12. Bc2 Bb7 13. axb5 axb5 14. Bd3
Nc4 15. Rxa8 Qxa8 16. d5 c6 17. Bxc4 bxc4 18. dxc6 Bxc6 19. Qxd6 Rd8 20.
Nbd2 Bb5 21. Nf1 Nf8 22. Qc5 Qa4 23. Ne3 Ne6 24. Qb6 Bc6 25. Ng4 Qa8 26.
Qe3 Be7 27. Nfxe5 Bb5 28. Qg3 Kf8 29. Nf3 Bc6 30. Ne3 Nc5 31. Nf5 Ne6 32.
N3d4 Rxd4 33. cxd4 Bxe4 34. Nxe7 Kxe7 35. Qh4+ 1-0

[Event "Copper State Int B"]
[Site "Mesa USA"]
[Date "2010.06.06"]
[Round "4"]
[White "Haskel,J"]
[Black "Gurczak,J"]
[Result "1/2-1/2"]
[WhiteElo "2241"]
[BlackElo "2069"]
[EventDate "2010.06.04"]

1. d4 d5 2. Nf3 Nf6 3. c4 e6 4. e3 a6 5. cxd5 exd5 6. Nc3 c6 7. Qc2 Bd6 8.
h3 O-O 9. Bd3 Nbd7 10. O-O Re8 11. Re1 Nf8 12. e4 dxe4 13. Nxe4 Nxe4 14.
Bxe4 Be6 15. Bd2 Bc7 16. Ng5 h6 17. Bh7+ Kh8 18. Rxe6 hxg5 19. Rxe8 Qxe8
20. Bf5 Qe7 21. Re1 Qd6 22. g3 g6 23. Bg4 Bd8 24. Qb3 Kg7 25. Qxb7 Rb8 26.
Qxa6 Bf6 27. Bc3 Qd5 28. Rd1 Ne6 29. Bxe6 Qxe6 30. a4 Rh8 31. a5 Rxh3 32.
Qf1 Rh8 33. Ra1 Ra8 34. Qg2 Qc4 35. Qe4 Ra6 36. Re1 c5 37. dxc5 Qxc5 38.
Bxf6+ Rxf6 39. Qe3 Qxa5 40. Rc1 Qb6 41. Qd2 Rd6 42. Qc3+ Qd4 43. Qxd4+ Rxd4
44. Kf1 Rb4 45. Rb1 Rb3 46. Ke2 g4 47. Kd2 f5 48. Ke2 1/2-1/2

[Event "Copper State Int B"]
[Site "Mesa USA"]
[Date "2010.06.06"]
[Round "4"]
[White "Mateer,Amanda"]
[Black "Adelberg,D"]
[Result "1/2-1/2"]
[WhiteElo "2072"]
[BlackElo "2186"]
[EventDate "2010.06.04"]

1. d4 d5 2. c4 c6 3. Nf3 Nf6 4. Nc3 e6 5. Bg5 h6 6. Bxf6 Qxf6 7. Qc2 Nd7 8.
cxd5 exd5 9. e3 g6 10. Bd3 Bg7 11. O-O O-O 12. b4 Nb6 13. Rfc1 a6 14. a4
Be6 15. Nd2 Rfe8 16. Nb3 Bc8 17. b5 axb5 18. axb5 Rxa1 19. Rxa1 h5 20. Ra7
h4 21. h3 Bf8 22. bxc6 bxc6 23. Na5 Bd6 24. Nxc6 Bd7 25. Nxd5 Nxd5 26. Rxd7
Rc8 27. Bb5 Qe6 28. Rd8+ Rxd8 29. Nxd8 Nxe3 30. Qe2 Qc8 31. Nc6 Nf5 32. d5
Kg7 33. Bd3 Ne7 34. Qe4 Nxc6 35. dxc6 Qd8 36. Kf1 Bc7 37. Ke2 Qf6 38. Bc2
Bb6 39. Qf3 Qe5+ 40. Qe4 1/2-1/2

[Event "Copper State Int B"]
[Site "Mesa USA"]
[Date "2010.06.06"]
[Round "4"]
[White "Harmon,L"]
[Black "Ristovic,N"]
[Result "1/2-1/2"]
[WhiteElo "2062"]
[BlackElo "2193"]
[EventDate "2010.06.04"]

1. e4 e6 2. d4 d5 3. Nc3 Nf6 4. Bg5 Bb4 5. e5 h6 6. Bd2 Bxc3 7. bxc3 Ne4 8.
Qg4 g6 9. Bd3 Nxd2 10. Kxd2 c5 11. Nf3 Qc7 12. Qf4 f5 13. h4 Nc6 14. g4 Qh7
15. Rab1 c4 16. Be2 Kd8 17. Rhg1 Kc7 18. gxf5 gxf5 19. Qg3 Bd7 20. Qg7 Raf8
21. Rg2 Ne7 22. Rbg1 Be8 23. Qxh7 Rxh7 24. Rg7 Rf7 25. Rxf7 Bxf7 26. Ne1
Kd7 27. Rg3 Ke8 28. Ng2 Kf8 29. Nf4 Rg7 30. h5 Kg8 31. Kc1 Nc6 32. a3 Nb8
33. Bf3 Na6 34. Kb2 Nc7 35. Ne2 Ne8 36. Nf4 Kf8 37. Rg6 Rxg6 38. hxg6 Bg8
39. Nh5 Ke7 40. Be2 Nc7 41. Nf6 Kf8 42. f4 Na6 43. a4 Nb8 44. Ka3 a5 45.
Bh5 Nc6 46. Nd7+ Kg7 47. Nc5 b6 48. Nd7 Ne7 49. Nf6 Nc6 50. Ne8+ Kh8 51.
Nd6 Ne7 52. Kb2 Kg7 53. Ne8+ Kh8 54. Kc1 Nc6 55. Kd2 Ne7 56. Kc1 Nc6 57.
Nd6 Ne7 58. Kb2 Kg7 59. Ne8+ Kh8 60. Ka3 Nc6 61. Kb2 Ne7 62. Ka3 Nc6 63.
Kb2 Ne7 1/2-1/2

[Event "Copper State Int B"]
[Site "Mesa USA"]
[Date "2010.06.06"]
[Round "5"]
[White "Holt,C"]
[Black "Fridman,D2"]
[Result "0-1"]
[WhiteElo "2375"]
[BlackElo "2654"]
[EventDate "2010.06.04"]

1. d4 d5 2. c4 c6 3. Nf3 e6 4. e3 f5 5. Bd3 Nf6 6. O-O Bd6 7. b3 Qe7 8. Bb2
O-O 9. Qc1 Ne4 10. Ba3 Nd7 11. Bxd6 Qxd6 12. Qa3 b6 13. Rc1 Bb7 14. Qxd6
Nxd6 15. Ne5 Nxe5 16. dxe5 Ne4 17. cxd5 exd5 18. f4 Rad8 19. Na3 g5 20. Nc2
c5 21. Ne1 Rd7 22. Nf3 gxf4 23. exf4 Rg7 24. h3 d4 25. Kh2 Nd2 26. Ng5 h6
27. Rc2 hxg5 28. Rxd2 gxf4 29. Rf1 Re7 30. Re2 Be4 31. Bxe4 fxe4 32. Rxe4
Rf5 33. e6 Rf6 34. Rfe1 Kf8 35. Re5 Ke8 36. Kg1 Rg7 37. Kf2 Ke7 38. h4 Rfg6
39. Kf3 Rxg2 40. h5 R2g3+ 41. Kxf4 R7g4+ 42. Kf5 Rh4 43. R5e2 Rxh5+ 44. Kf4
Rg6 45. Kf3 Rf6+ 46. Ke4 Rxe6+ 47. Kd3 Rxe2 48. Rxe2+ Kd6 49. Kc4 a6 50.
Re8 b5+ 0-1

[Event "Copper State Int B"]
[Site "Mesa USA"]
[Date "2010.06.06"]
[Round "5"]
[White "Amanov,M"]
[Black "Bercys,S"]
[Result "1-0"]
[WhiteElo "2479"]
[BlackElo "2427"]
[EventDate "2010.06.04"]

1. d4 d5 2. c4 e6 3. Nf3 Nf6 4. Nc3 c6 5. Bg5 h6 6. Bh4 dxc4 7. e4 g5 8.
Bg3 b5 9. Be2 Bb7 10. O-O Nbd7 11. Ne5 Bg7 12. Qc2 h5 13. Nxd7 Nxd7 14.
Rad1 e5 15. dxe5 Qe7 16. e6 Qxe6 17. Rd6 Qe7 18. Rfd1 Nc5 19. R6d2 Be5 20.
b4 cxb3 21. axb3 Bxg3 22. hxg3 a5 23. e5 Qxe5 24. Bxb5 O-O 25. Bc4 Kg7 26.
Re2 Qf6 27. Re3 Ba6 28. Bxa6 Rxa6 29. Rf3 Qg6 30. Qe2 Kg8 31. Qc4 1-0

[Event "Copper State Int B"]
[Site "Mesa USA"]
[Date "2010.06.06"]
[Round "5"]
[White "Adamson,R"]
[Black "Sedlak,N"]
[Result "1/2-1/2"]
[WhiteElo "2328"]
[BlackElo "2567"]
[EventDate "2010.06.04"]

1. e4 e6 2. d4 d5 3. Nc3 Nf6 4. Bg5 dxe4 5. Nxe4 Be7 6. Bxf6 gxf6 7. Nf3 f5
8. Nc3 a6 9. Qd2 b5 10. O-O-O b4 11. Ne2 Bb7 12. Qe3 Qd5 13. Kb1 Nd7 14.
Nf4 Qe4 15. Qd2 Bd6 16. Nd3 a5 17. Be2 Rg8 18. g3 O-O-O 19. Rhe1 f6 20. Rc1
e5 21. dxe5 fxe5 22. Nh4 Rgf8 23. Bf3 Qc4 24. Bxb7+ Kxb7 25. Qe2 e4 26. Nf4
Qxe2 27. Nxe2 f4 28. Nd4 Rde8 29. Rcd1 e3 30. fxe3 fxg3 31. hxg3 Bxg3 32.
Rh1 Rf7 33. Nhf5 Be5 34. Nh6 Rff8 35. Nb3 Kc8 36. Nxa5 Bg7 37. Ng4 Re4 38.
Rhg1 h5 39. Nf2 Rxf2 40. Rxg7 Nf6 41. Rg6 Rxe3 42. Rh6 Rf4 43. Kc1 h4 44.
Rh1 Re5 45. Nc6 Ree4 46. a3 bxa3 47. bxa3 Kb7 48. Nb4 Ng8 49. Rh7 Rd4 50.
Nd3 Rg4 51. Ne5 Rg3 1/2-1/2

[Event "Copper State Int B"]
[Site "Mesa USA"]
[Date "2010.06.06"]
[Round "5"]
[White "Ginsburg,M"]
[Black "Kacheishvili,G"]
[Result "0-1"]
[WhiteElo "2393"]
[BlackElo "2587"]
[EventDate "2010.06.04"]

1. d4 Nf6 2. c4 e6 3. Nc3 Bb4 4. e3 b6 5. Nge2 c5 6. a3 Ba5 7. Rb1 Na6 8.
Bd2 O-O 9. d5 Re8 10. Ng3 d6 11. Be2 Bxc3 12. Bxc3 exd5 13. cxd5 Nc7 14.
Bxf6 Qxf6 15. e4 Qf4 16. O-O f5 17. exf5 Bxf5 18. Nxf5 Qxf5 19. Bg4 Qf7 20.
Qa4 Nxd5 21. Bf3 Rad8 22. Bxd5 Qxd5 23. Qxa7 Qc6 24. Rbe1 d5 25. Re7 Rxe7
26. Qxe7 Re8 27. Qg5 d4 28. h4 h6 29. Qd2 Re4 30. Qc2 Qe6 31. h5 Re2 32.
Qd1 Rxb2 33. Re1 Qf5 0-1

[Event "Copper State Int B"]
[Site "Mesa USA"]
[Date "2010.06.06"]
[Round "5"]
[White "Panchanathan,M"]
[Black "Pruess,D"]
[Result "0-1"]
[WhiteElo "2549"]
[BlackElo "2361"]
[EventDate "2010.06.04"]

1. d4 Nf6 2. Nf3 d5 3. c4 c6 4. Nc3 dxc4 5. a4 Bf5 6. Ne5 Nbd7 7. Nxc4 Qc7
8. g3 e5 9. dxe5 Nxe5 10. Bf4 Nfd7 11. Bg2 g5 12. Bxe5 Nxe5 13. Nxe5 Qxe5
14. O-O Be6 15. a5 a6 16. e4 h5 17. Nd5 O-O-O 18. f4 gxf4 19. gxf4 Qg7 20.
Nb6+ Kc7 21. Qe2 Bb4 22. f5 Rd2 23. Qf3 Rg8 24. Qf4+ Rd6 25. Qf3 Rd3 0-1

[Event "Copper State Int B"]
[Site "Mesa USA"]
[Date "2010.06.06"]
[Round "5"]
[White "Kiewra,K"]
[Black "Boskovic,D"]
[Result "1-0"]
[WhiteElo "2311"]
[BlackElo "2450"]
[EventDate "2010.06.04"]

1. e4 c5 2. Nf3 Nc6 3. Bb5 d6 4. O-O Bd7 5. c3 Nf6 6. Re1 a6 7. Ba4 b5 8.
Bc2 Bg4 9. h3 Bh5 10. d3 Rc8 11. Nbd2 e6 12. Nf1 Be7 13. Ng3 Bg6 14. a4 O-O
15. axb5 axb5 16. Nh4 d5 17. Nhf5 c4 18. Nxe7+ Nxe7 19. Bg5 cxd3 20. Bxd3
Nxe4 21. Bxe4 1-0

[Event "Copper State Int B"]
[Site "Mesa USA"]
[Date "2010.06.06"]
[Round "5"]
[White "Altounian,L"]
[Black "Mateer,Amanda"]
[Result "1/2-1/2"]
[WhiteElo "2454"]
[BlackElo "2072"]
[EventDate "2010.06.04"]

1. c4 c5 2. Nc3 Nc6 3. Nf3 g6 4. e3 Bg7 5. d4 b6 6. d5 Ne5 7. Nxe5 Bxe5 8.
Bd3 a6 9. O-O e6 10. f4 Bg7 11. Qf3 Bb7 12. e4 f5 13. Qg3 Ne7 14. d6 Nc6
15. exf5 Bd4+ 16. Be3 gxf5 17. Bxd4 Nxd4 18. Qg7 Rf8 19. Ne2 Nxe2+ 20. Bxe2
Qf6 21. Bh5+ Kd8 22. Qxf6+ Rxf6 23. Rae1 Rh6 24. Bf3 Kc8 25. Re3 Bxf3 26.
Rfxf3 Kb7 27. Rg3 Rg6 28. Rh3 1/2-1/2

[Event "Copper State Int B"]
[Site "Mesa USA"]
[Date "2010.06.06"]
[Round "5"]
[White "Adelberg,D"]
[Black "Haskel,J"]
[Result "1-0"]
[WhiteElo "2186"]
[BlackElo "2241"]
[EventDate "2010.06.04"]

1. d4 d5 2. c4 dxc4 3. Nf3 Nf6 4. e3 Bg4 5. Bxc4 e6 6. O-O a6 7. Nc3 Nc6 8.
h3 Bh5 9. Qe2 Bd6 10. Rd1 Qe7 11. g4 Bg6 12. e4 e5 13. Bg5 exd4 14. Nd5
Qxe4 15. Nxf6+ gxf6 16. Bxf6 Qxe2 17. Bxe2 O-O 18. Nxd4 Nxd4 19. Bxd4 Bf4
20. Bf3 c6 21. Bb6 Be5 22. Rd2 Rfe8 23. Rad1 Re7 24. b3 Bc3 25. Rd7 Rae8
26. Bc5 Re1+ 27. Rxe1 Rxe1+ 28. Kg2 Ra1 29. Rxb7 Rxa2 30. Bxc6 a5 31. g5
Kg7 32. Ra7 Re2 33. Be3 Re1 34. h4 Bh5 35. Bd5 Rd1 36. Be4 Rd8 37. Ra8 Rxa8
38. Bxa8 f6 39. Bf3 Bf7 40. Bd1 Bd5+ 41. Kf1 Be4 42. Ke2 Kg6 43. gxf6 Bxf6
44. Bd2 Bxh4 45. Bxa5 Bg5 46. Bd2 h5 47. Bxg5 Kxg5 48. Ke3 Bd5 49. f4+ Kf5
50. b4 h4 51. b5 h3 52. Bf3 Ke6 53. f5+ Ke5 54. Bxd5 1-0

[Event "Copper State Int B"]
[Site "Mesa USA"]
[Date "2010.06.06"]
[Round "5"]
[White "Atoufi,P"]
[Black "Chakraborty,Di"]
[Result "1-0"]
[WhiteElo "2309"]
[BlackElo "2135"]
[EventDate "2010.06.04"]

1. e4 c5 2. Nf3 Nc6 3. d4 cxd4 4. Nxd4 Nf6 5. Nc3 e5 6. Ndb5 d6 7. Bg5 a6
8. Na3 b5 9. Bxf6 gxf6 10. Nd5 f5 11. c3 Bg7 12. exf5 Bxf5 13. Nc2 O-O 14.
Nce3 Be6 15. Qh5 f5 16. Bd3 e4 17. Bc2 Ne7 18. Rd1 Nxd5 19. Nxd5 Bxd5 20.
Rxd5 Be5 21. O-O Qe8 22. Qh3 Ra7 23. f4 exf3 24. Rxf3 f4 25. Rf1 Kh8 26.
Qd3 Rg7 27. Rf3 Rfg8 28. Kf1 Qe7 29. Rh3 Rf8 30. Qf3 Qf6 31. a3 Rff7 32.
Rd3 Ra7 33. Qc6 Qd8 34. Rh5 Qb8 35. Rdh3 a5 36. Rxe5 dxe5 37. Qf6 Kg8 38.
Bb3+ Kh8 39. Bc2 Kg8 40. Rd3 Ra8 41. Rd7 Qf8 42. Bb3+ Kh8 43. Rf7 Qxf7 44.
Bxf7 Rf8 45. Qxe5 Rfxf7 46. Qxb5 Rg6 47. Qxa5 Kg7 48. Qe5+ Kg8 49. Kf2 1-0

[Event "Copper State Int B"]
[Site "Mesa USA"]
[Date "2010.06.07"]
[Round "6"]
[White "Fridman,D2"]
[Black "Ravichandran,S"]
[Result "1-0"]
[WhiteElo "2654"]
[BlackElo "2177"]
[EventDate "2010.06.04"]

1. d4 d5 2. c4 c6 3. Nf3 Nf6 4. e3 Bf5 5. Nc3 e6 6. Nh4 Be4 7. f3 Bg6 8.
Qb3 Qb6 9. Nxg6 hxg6 10. Bd2 Nbd7 11. g3 Bd6 12. Kf2 Qc7 13. Kg2 a6 14.
cxd5 cxd5 15. Bd3 Rc8 16. Rac1 Qb8 17. e4 dxe4 18. Nxe4 O-O 19. Nxd6 Qxd6
20. Bb4 Qxd4 21. Bxf8 Rxf8 22. Rhd1 Qe5 23. f4 Qh5 24. Bf1 Nd5 25. Re1 Rb8
26. Bc4 N5f6 27. Be2 Qa5 28. Bf3 g5 29. Qc3 Qf5 30. Qc2 g4 31. Be4 Nxe4 32.
Qxe4 Qxe4+ 33. Rxe4 Nb6 34. f5 exf5 35. Rd4 Re8 36. Kf2 Re5 37. Rc7 g5 38.
b3 Kg7 39. Rd6 Na8 40. Rc8 Ra5 41. a4 b5 42. Rxa8 bxa4 43. Raxa6 Rc5 44.
bxa4 Rc2+ 45. Ke3 Rxh2 46. Ra5 1-0

[Event "Copper State Int B"]
[Site "Mesa USA"]
[Date "2010.06.07"]
[Round "6"]
[White "Kacheishvili,G"]
[Black "Amanov,M"]
[Result "1/2-1/2"]
[WhiteElo "2587"]
[BlackElo "2479"]
[EventDate "2010.06.04"]

1. c4 e6 2. d4 d5 3. Nf3 Nf6 4. Bg5 h6 5. Bxf6 Qxf6 6. Nc3 c6 7. Qb3 Nd7 8.
Rd1 Be7 9. g3 O-O 10. Bg2 dxc4 11. Qxc4 e5 12. e3 Nb6 13. Qe2 exd4 14. Nxd4
Be6 15. Nxe6 Qxe6 16. O-O Rad8 17. b3 Rxd1 18. Rxd1 Rd8 19. Rxd8+ Bxd8 20.
Qd2 Qd7 21. Qxd7 Nxd7 22. Kf1 Kf8 23. Ke2 Ke7 24. f4 Ba5 25. Na4 b5 26. Nb2
Kd6 27. e4 f6 28. Nd1 Bb6 29. h4 a5 30. h5 Bd4 31. Ne3 Bxe3 32. Kxe3 Nb6
33. Kd4 c5+ 34. Ke3 a4 35. Bf1 axb3 36. axb3 b4 37. Bb5 Ke6 38. Kd3 Kd6 39.
Bc4 Nc8 40. Bf7 Ne7 41. Be8 Nc8 42. Kc4 Ke7 43. Bg6 Kd6 44. e5+ fxe5 45.
fxe5+ Kxe5 46. Kxc5 Ne7 47. Kxb4 Kd4 48. Kb5 Kd5 49. Kb6 Kd6 50. b4 Nd5+
51. Kb5 Nc3+ 52. Ka5 Nd5 53. Bf7 Ne7 54. Bg6 Nd5 55. Be4 Nf6 56. Bf3 Nd7
57. Kb5 Ne5 58. Bd1 g6 59. hxg6 Nxg6 60. Ka6 Ne7 61. b5 Kc7 62. b6+ Kb8 63.
Bc2 Nc6 64. Be4 Nd4 65. Bd3 h5 66. b7 Ne6 67. Kb6 Nd4 68. Kc5 Nb3+ 69. Kb4
Nd4 70. Kc3 Nc6 71. Be4 Kxb7 1/2-1/2

[Event "Copper State Int B"]
[Site "Mesa USA"]
[Date "2010.06.07"]
[Round "6"]
[White "Aldama Degurnay,D"]
[Black "Holt,C"]
[Result "0-1"]
[WhiteElo "2447"]
[BlackElo "2375"]
[EventDate "2010.06.04"]

1. e4 e6 2. d4 d5 3. e5 c5 4. c3 Nc6 5. Nf3 Qb6 6. Bd3 cxd4 7. cxd4 Bd7 8.
O-O Nxd4 9. Ng5 Nc6 10. Re1 Bc5 11. Qf3 O-O-O 12. Nc3 f6 13. Nf7 Nxe5 14.
Rxe5 fxe5 15. Nxh8 e4 16. Nxe4 dxe4 17. Bxe4 Rf8 18. Bf4 e5 19. b4 Bxf2+
20. Qxf2 Qxf2+ 21. Kxf2 exf4 22. Rc1+ Kb8 23. Bxh7 Nf6 24. Ng6 Re8 25. Rd1
Bf5 26. Rd4 Nxh7 27. Nxf4 Nf6 28. h3 Re4 29. Rxe4 Nxe4+ 30. Ke3 Nc3 31. g4
Bb1 32. a3 Nb5 33. a4 Nc3 34. a5 Kc8 35. Kd4 Nd1 36. h4 Kd7 37. b5 Nf2 38.
g5 Ne4 39. Kd5 Bc2 40. Nh5 g6 41. Nf4 Nd2 42. h5 gxh5 43. Nxh5 Nf3 44. Nf6+
Kc8 45. b6 axb6 46. axb6 Nxg5 47. Ng4 Kd7 48. Nf6+ Kd8 49. Ng4 Ke7 50. Ne5
Ne6 51. Nc6+ bxc6+ 52. Kxc6 Be4+ 53. Kb5 Kd7 54. Kc4 Kc6 55. Kb4 Kxb6 56.
Kc4 Kc6 57. Kb4 Kd5 58. Kc3 Kc5 59. Kb3 Nd4+ 60. Kc3 Nf3 61. Kb3 Bd3 62.
Kc3 Bc4 63. Kb2 Kb4 64. Kc2 Be2 65. Kb2 Bd1 66. Kc1 Bb3 67. Kb2 Nd4 68. Kb1
Kc3 69. Ka1 Nc2+ 70. Kb1 Bd5 71. Kc1 Ba2 72. Kd1 Nd4 73. Ke1 Kd3 74. Kf2
Ne2 75. Kf3 Be6 76. Kf2 Bg4 77. Kf1 Nc3 78. Kg2 Ne4 79. Kf1 Kd2 80. Kg2 Ke2
81. Kg1 Bh3 82. Kh1 Kf2 83. Kh2 Ng5 0-1

[Event "Copper State Int B"]
[Site "Mesa USA"]
[Date "2010.06.07"]
[Round "6"]
[White "Pruess,D"]
[Black "Bercys,S"]
[Result "1-0"]
[WhiteElo "2361"]
[BlackElo "2427"]
[EventDate "2010.06.04"]

1. e4 c5 2. Nf3 e6 3. d4 cxd4 4. Nxd4 a6 5. Nc3 Qc7 6. g3 Bb4 7. Bd2 Nf6 8.
Bg2 Nc6 9. Nb3 Be7 10. O-O d6 11. f4 Nd7 12. Qe2 Nc5 13. Nxc5 Nd4 14. Qg4
Qxc5 15. Be3 Bf6 16. e5 h5 17. Qd1 dxe5 18. Ne4 Qxc2 19. fxe5 Ne2+ 20. Kf2
Qxd1 21. Raxd1 Bxe5 22. Kxe2 Bd7 23. Rxd7 Kxd7 24. Rxf7+ Ke8 25. Ng5 Rc8
26. Bxb7 Rc2+ 27. Kd3 Rxb2 28. Bc6+ Kd8 29. Rd7+ Kc8 30. Nf7 1-0

[Event "Copper State Int B"]
[Site "Mesa USA"]
[Date "2010.06.07"]
[Round "6"]
[White "Gurevich,D"]
[Black "Ginsburg,M"]
[Result "0-1"]
[WhiteElo "2488"]
[BlackElo "2393"]
[EventDate "2010.06.04"]

1. e4 c5 2. Nc3 e6 3. f4 a6 4. Nf3 Nc6 5. g3 d5 6. d3 Nf6 7. e5 Nd7 8. Bg2
Be7 9. O-O O-O 10. g4 b5 11. Qe1 b4 12. Ne2 f6 13. exf6 Nxf6 14. g5 Nh5 15.
Qh4 g6 16. Ng3 Ng7 17. Bd2 Bd6 18. h3 Ra7 19. Nh2 h5 20. Nf3 Raf7 21. Ne2
Nf5 22. Qf2 Qc7 23. Nh4 Nxh4 24. Qxh4 Nd4 25. Nxd4 cxd4 26. Rf2 Bxf4 27.
Bxf4 Rxf4 28. Qg3 h4 29. Qh2 Qe5 30. Rxf4 Rxf4 31. Kh1 Qxg5 32. Rg1 Qf6 33.
Re1 Kg7 34. Qg1 Rf2 35. Qh2 Qf4 36. Qxf4 Rxf4 37. Rc1 e5 38. c4 dxc3 39.
bxc3 Bf5 40. cxb4 Rxb4 41. Bxd5 Bxd3 42. Re1 Rb1 0-1

[Event "Copper State Int B"]
[Site "Mesa USA"]
[Date "2010.06.07"]
[Round "6"]
[White "Yermolinsky,A"]
[Black "Gurczak,J"]
[Result "1-0"]
[WhiteElo "2528"]
[BlackElo "2069"]
[EventDate "2010.06.04"]

1. c4 c5 2. Nf3 Nf6 3. Nc3 e6 4. g3 d5 5. cxd5 Nxd5 6. Bg2 Nc6 7. O-O Be7
8. d4 Bf6 9. Nxd5 Qxd5 10. Ne5 Qd6 11. Nxc6 bxc6 12. Bf4 Qd7 13. dxc5 O-O
14. Bd6 Rd8 15. Qa4 Bb7 16. Rad1 Bxb2 17. Be5 Bxe5 18. Rxd7 Rxd7 19. Bxc6
Bxc6 20. Qxc6 Rad8 21. Qe4 Rd5 22. Rc1 Rc8 23. Qa4 g6 24. Qxa7 Bd4 25. Kg2
Rf5 26. Qd7 Rcxc5 27. Qd8+ 1-0

[Event "Copper State Int B"]
[Site "Mesa USA"]
[Date "2010.06.07"]
[Round "6"]
[White "Boskovic,D"]
[Black "Adelberg,D"]
[Result "1/2-1/2"]
[WhiteElo "2450"]
[BlackElo "2186"]
[EventDate "2010.06.04"]

1. d4 d5 2. Bf4 Nf6 3. e3 c5 4. c3 Qb6 5. Qb3 c4 6. Qc2 g6 7. Nd2 Bf5 8.
Qc1 Nc6 9. Be2 Bg7 10. h3 O-O 11. Ngf3 Qd8 12. b3 b5 13. bxc4 bxc4 14. O-O
h6 15. Bh2 g5 16. Bd1 Bd3 17. Re1 Qa5 18. Qb2 Ne4 19. Nxe4 dxe4 20. Nd2 e5
21. Rc1 Qd5 22. Ba4 exd4 23. cxd4 Nxd4 24. exd4 Bxd4 25. Qb5 Bxf2+ 26. Kxf2
Qd4+ 27. Re3 c3 28. Qd7 cxd2 29. Rd1 Qf6+ 30. Kg1 Qb6 31. Kf2 Qf6+ 1/2-1/2

[Event "Copper State Int B"]
[Site "Mesa USA"]
[Date "2010.06.07"]
[Round "6"]
[White "Mateer,Amanda"]
[Black "Panchanathan,M"]
[Result "0-1"]
[WhiteElo "2072"]
[BlackElo "2549"]
[EventDate "2010.06.04"]

1. d4 b6 2. c4 Bb7 3. Nf3 e6 4. g3 f5 5. Bg2 Nf6 6. O-O Be7 7. Nc3 Ne4 8.
Bd2 O-O 9. a3 d6 10. Qc2 Nxc3 11. Bxc3 Be4 12. Qa4 Nd7 13. Ne1 Nf6 14. Nd3
Bxg2 15. Kxg2 g5 16. Rh1 Ne4 17. Be1 Kf7 18. f3 Nf6 19. Bd2 Qd7 20. Qxd7
Nxd7 21. Bc3 c5 22. Rac1 Rac8 23. Rhd1 Bf6 24. dxc5 bxc5 25. Nf2 Ke7 26. e4
Bxc3 27. Rxc3 Rb8 28. Rd2 f4 29. Nd3 a5 30. Rdc2 Rb6 31. gxf4 gxf4 32. Kh3
Nb8 33. Rg2 Nc6 34. Rg7+ Rf7 35. Rxf7+ Kxf7 36. Nxf4 Rxb2 37. Re3 a4 38.
Kg3 Rb3 39. Rxb3 axb3 40. Nd3 Ne5 41. Nb2 d5 0-1

[Event "Copper State Int B"]
[Site "Mesa USA"]
[Date "2010.06.07"]
[Round "6"]
[White "Marmont,Benjamin"]
[Black "Altounian,L"]
[Result "1/2-1/2"]
[WhiteElo "2116"]
[BlackElo "2454"]
[EventDate "2010.06.04"]

1. e4 e5 2. Nf3 Nc6 3. Bb5 Nf6 4. O-O Nxe4 5. Re1 Nd6 6. Nxe5 Be7 7. Bf1
Nxe5 8. Rxe5 O-O 9. d4 Bf6 10. Re1 Nf5 11. c3 d5 12. Bf4 Nh4 13. Nd2 c6 14.
h3 Bg5 15. Bxg5 Qxg5 16. Nf3 Nxf3+ 17. Qxf3 Be6 18. Bd3 Rfe8 19. Re5 Qd2
20. Re2 Qg5 21. Re5 Qd2 22. Re2 Qg5 23. Re5 1/2-1/2

[Event "Copper State Int B"]
[Site "Mesa USA"]
[Date "2010.06.07"]
[Round "6"]
[White "Troff,Kayden"]
[Black "Atoufi,P"]
[Result "1-0"]
[WhiteElo "2201"]
[BlackElo "2309"]
[EventDate "2010.06.04"]

1. d4 Nf6 2. c4 g6 3. Nc3 Bg7 4. e4 d6 5. f4 O-O 6. Nf3 Na6 7. Be2 e5 8.
fxe5 dxe5 9. d5 Qe7 10. a3 Nc5 11. Qc2 Nfxe4 12. Nxe4 Bf5 13. Bd3 Bxe4 14.
Bxe4 f5 15. d6 Qxd6 16. Bd5+ Kh8 17. b4 Nd3+ 18. Qxd3 e4 19. c5 Qd8 20. Qd2
exf3 21. Bb2 Qe7+ 22. Kf2 Rad8 23. Rhe1 Qd7 24. Qc3 Rg8 25. Rad1 Bxc3 26.
Bxc3+ Rg7 27. Bb3 h5 28. Rxd7 Rdxd7 29. Kxf3 Rd3+ 30. Re3 Rxc3 31. Rxc3 Rd7
32. Ke2 Kg7 33. c6 bxc6 34. Rxc6 g5 35. Bc2 Re7+ 36. Kf2 Rf7 37. Rc5 Kg6
38. b5 h4 39. h3 Kh5 40. Rxf5 Rd7 41. Rc5 1-0

[Event "Copper State Int B"]
[Site "Mesa USA"]
[Date "2010.06.07"]
[Round "6"]
[White "Haskel,J"]
[Black "Jayakumar,A"]
[Result "1-0"]
[WhiteElo "2241"]
[BlackElo "2169"]
[EventDate "2010.06.04"]

1. e4 c5 2. Nf3 Nc6 3. Bc4 e6 4. O-O a6 5. Re1 b5 6. Bf1 Qb6 7. c3 Nf6 8.
d4 d5 9. e5 Nd7 10. Na3 b4 11. Nc2 Be7 12. Bg5 a5 13. c4 dxc4 14. d5 exd5
15. Qxd5 Nf8 16. Bxe7 Kxe7 17. Qd6+ Ke8 18. e6 Bxe6 19. Ne5 Rc8 20. Bxc4
Qd8 21. Nxf7 Kxf7 22. Bxe6+ Kg6 23. Qg3+ 1-0

[Event "Copper State Int B"]
[Site "Mesa USA"]
[Date "2010.06.08"]
[Round "7"]
[White "Amanov,M"]
[Black "Holt,C"]
[Result "1/2-1/2"]
[WhiteElo "2479"]
[BlackElo "2375"]
[EventDate "2010.06.04"]

1. d4 d5 2. c4 c6 3. Nf3 Nf6 4. Nc3 dxc4 5. a4 Bf5 6. Ne5 Nbd7 7. Nxc4 Nb6
8. Ne3 Bg6 9. a5 Nbd7 10. g3 e6 11. Bg2 Nd5 12. Qb3 b5 13. Nexd5 exd5 14.
O-O Be7 15. e4 dxe4 16. Nxe4 O-O 17. Bf4 Rc8 18. Rfd1 Re8 19. Nc5 Bxc5 20.
dxc5 Qe7 21. Bd6 Qg5 22. Qb4 Nf6 23. Re1 Nd5 24. Qd4 h5 25. Bh3 Rcd8 26. f4
Qh6 27. Rxe8+ Rxe8 28. Bd7 Re4 29. Qd2 h4 30. Bxc6 hxg3 31. hxg3 Re3 32.
Qh2 Be4 33. Qxh6 Rxg3+ 34. Kh2 Rg2+ 35. Kh3 gxh6 36. Bxd5 Bxd5 37. a6 Rxb2
38. Bb8 b4 39. Bxa7 Rb3+ 40. Kg4 Ra3 41. Rxa3 bxa3 42. c6 Bc4 43. c7 Bxa6
44. Kh5 Kg7 45. Bd4+ f6 1/2-1/2

[Event "Copper State Int B"]
[Site "Mesa USA"]
[Date "2010.06.08"]
[Round "7"]
[White "Kacheishvili,G"]
[Black "Pruess,D"]
[Result "1-0"]
[WhiteElo "2587"]
[BlackElo "2361"]
[EventDate "2010.06.04"]

1. d4 Nf6 2. c4 c5 3. d5 e6 4. Nc3 exd5 5. cxd5 d6 6. h3 g6 7. Nf3 Bg7 8.
Bf4 O-O 9. e3 Na6 10. Be2 Nc7 11. a4 b6 12. O-O a6 13. e4 Re8 14. Qc2 Qe7
15. Rfe1 Nd7 16. Bf1 Rb8 17. Rad1 Ne5 18. Nxe5 Bxe5 19. Bxe5 Qxe5 20. Qd2
g5 21. Rb1 b5 22. b4 cxb4 23. Rxb4 a5 24. Rb3 b4 25. Nb5 Nxb5 26. Bxb5 Rd8
27. Rg3 Kh8 28. Rxg5 Qf6 29. e5 dxe5 30. Rexe5 Rb6 31. Qe3 Rf8 32. Re8 Qd6
33. Qxb6 Qxb6 34. Rxf8+ 1-0